I Cursillo comarcal de iniciación a la exploración subterránea / Miguel Ansón

por Ansón, Miguel

Publicado: San Jorge, núm. 81 (1r trimestre 1971), pàg 89 :

MARC

LEADER 00000nam a2200000Ia 4500
001
008 160829s9999 xx 000 0 cat d
100 |a Ansón, Miguel  |9 21597 
245 |a I Cursillo comarcal de iniciación a la exploración subterránea / Miguel Ansón 
260 |a San Jorge, núm. 81 (1r trimestre 1971), pàg 89 
610 2 0 |a Biblioteca Museu Víctor Balaguer  |9 54322 
650 |a Espeleologia  |x Vilanova i la Geltrú   |9 44676 
901 |a Arxiu 
942 |n 1 
952 |0 0  |1 0  |4 0  |7 1  |9 52090  |a Arxiu  |b Arxiu  |d 2016-12-01  |l 0  |r 2016-12-01 00:00:00  |w 2016-12-01  |y ARXIU 
999 |c 55938  |d 55938